[Event "Australian-ch 2020"]
[Site "Kogarah"]
[Date "2020.01.09"]
[Round "7.4"]
[White "Zhang, Jilin"]
[Black "Ikeda, Junta"]
[Result "0-1"]
[WhiteElo "2237"]
[BlackElo "2438"]
[Annotator "TA"]
[PlyCount "52"]
[EventDate "2020.01.02"]
[EventType "swiss"]
[EventCountry "AUS"]
[SourceTitle "playchess.com"]
[Source "ChessBase"]
[SourceQuality "1"]

{[%evp 9,102,34,51,39,42,48,61,60,63,25,40,22,35,19,22,29,35,18,26,24,69,42,48,-145,-145,-143,-139,-161,-146,-255,-46,-70,-46,-46,-53,-54,-54,-54,-67,-74,-70,-99,-98,-122,-87,-79,-97,-85,-86,-82,-95,-118,-114,-200,-214,-261,-261,-276,-276,-263,-266,-580,-575,-552,-542,-556,-544,-518,-536,-527,-512,-483,-462,-434,-222,-254,-70,-51,0,0,0,-5,0,0,0,0,0,0,0,-592,-584,-4618,-4614,-4570,-1878]} 1. e4 g6 2. d4 Bg7 3. Nc3 d6 4. Nf3 a6 5. a4 b6 6. Be3 {B06: Modern Defence} e6 7. Qd2 h6 8. Bd3 {White is slightly better.} Ne7 9. h4 $146 ({Predecessor:} 9. Ne2 Nd7 10. O-O Bb7 11. Rfe1 Nf6 12. Ng3 Ng4 13. c3 O-O {1-0 (40) Kraemer,M (2492)-Bischoff,K (2547) Germany 2012}) 9... Nd7 {[%cal Bb8d7,Bd7f6,Bf6d5][%mdl 32]} 10. h5 g5 11. Ne2 c5 12. c3 Qc7 13. Ng3 Bb7 14. Qe2 Nf6 15. Nd2 Nc6 16. Nc4 $2 (16. Rc1 $14 {stays ahead.}) 16... cxd4 $17 17. cxd4 d5 18. exd5 Nxd5 19. Ne4 (19. Rc1 $17) 19... Nxd4 $2 (19... Rd8 $19 20. Nc3 Ndb4) 20. Ned6+ $15 Kf8 21. Bxd4 $1 Bxd4 22. Nxb7 Qxb7 23. Be4 Qe7 {And now ...Qb4+ would win.} 24. Bxd5 exd5 25. Qxe7+ Kxe7 26. O-O-O Bxf2 {Played: Rh8-c8} 0-1

[Event "Australian-ch 2020"]
[Site "Kogarah"]
[Date "2020.01.09"]
[Round "7.5"]
[White "Hu, Jason"]
[Black "Solomon, Stephen J"]
[Result "1-0"]
[WhiteElo "2159"]
[BlackElo "2319"]
[Annotator "TA"]
[PlyCount "47"]
[EventDate "2020.01.02"]
[EventType "swiss"]
[EventCountry "AUS"]
[SourceTitle "playchess.com"]
[Source "ChessBase"]
[SourceQuality "1"]

{[%evp 13,97,22,45,24,43,30,81,75,119,83,90,78,162,166,241,225,237,225,219,99,97,104,96,97,100,91,100,100,102,96,119,90,105,104,118,0,0,0,0,0,0,0,0,0,0,23,253,245,1704,1642,1743,1689,1670,1606,1631,1614,1624,1606,1533,1477,1266,1154,6287,6287,29974,29975,29973,29970,29969,29970,12839,6275,29970,29971,29971,29973,29973,29975,29975,29975,29979,29980,29981,29982,29982,29983]} 1. d4 d5 2. Nf3 e6 3. g3 c5 4. Bg2 Nc6 5. O-O Nf6 6. c4 dxc4 7. dxc5 Bxc5 8. Qxd8+ {E04: Open Catalan: 5 Nf3} (8. Qa4 O-O 9. Qxc4 Be7 10. Nc3 Bd7 11. Rd1 Rc8 12. Bg5 h6 13. Bxf6 Bxf6 14. Qd3 Qb6 15. Ne4 Be7 16. Nd6 Rcd8 17. Qb3 Qc7 18. Nb5 Qb8 19. Nbd4 Bf6 {½-½ (38) Bu,X (2710)-Lu,S (2615) Taizhou 2015}) 8... Kxd8 9. Nbd2 c3 (9... Ke7 $11) 10. bxc3 $16 {White is better.} Ke7 11. Nb3 Bd6 12. Nfd4 Bd7 (12... Nxd4 $16 13. cxd4 Rd8) 13. Nb5 $1 $18 a6 $146 (13... Rad8 $142 14. Rd1 Bb8 15. Ba3+ Ke8) ({Predecessor:} 13... Rad8 14. Rd1 Bb8 15. Ba3+ Ke8 {½-½ (37) Onkoud,A (2406)-Mohandesi,S (2320) France 2007}) 14. Nxd6 Kxd6 15. Rd1+ Kc7 16. Bf4+ (16. Ba3 $1 $18 {has better winning chances.}) 16... e5 $16 17. Bxc6 exf4 18. Bxd7 Nxd7 19. gxf4 Rhe8 20. e3 Re7 21. Rd4 Rae8 22. Rb1 {aiming for Rc4+.} Re6 23. Rbd1 R8e7 24. Kg2 {Played: Rd4xd7} 1-0

[Event "Australian-ch 2020"]
[Site "Kogarah"]
[Date "2020.01.09"]
[Round "7.6"]
[White "O`Chee, Kevin"]
[Black "Kethro, Michael"]
[Result "1/2-1/2"]
[WhiteElo "2156"]
[BlackElo "2093"]
[Annotator "TA"]
[PlyCount "85"]
[EventDate "2020.01.02"]
[EventType "swiss"]
[EventCountry "AUS"]
[SourceTitle "playchess.com"]
[Source "ChessBase"]
[SourceQuality "1"]

{[%evp 9,85,16,30,16,16,16,25,6,7,7,8,-12,-18,-18,-17,-12,-9,-17,0,-34,-25,-35,-22,-137,-134,-132,-143,-131,-127,-118,-114,-123,-91,-116,-91,-106,-108,-132,-126,-177,-173,-173,-177,-172,-177,-169,-187,-191,-175,-175,-133,-133,-127,-137,-131,-132,-138,-137,-140,-139,-142,-138,-87,-84,-86,-90,-81,-141,-124,-109,-97,-182,-109,-183,-161,-150,-43,-59]} 1. d4 d5 2. c4 e6 3. Nc3 Be7 4. Bf4 Nf6 5. e3 O-O 6. Rc1 {D35: Queen's Gambit Declined: Exchange Variation} (6. Nf3 c5 7. dxc5 Bxc5 8. cxd5 Nxd5 9. Nxd5 exd5 10. Bd3 Bb4+ 11. Nd2 Nc6 12. O-O Be7 13. a3 Bf6 14. Rb1 Re8 15. Nf3 Bg4 16. h3 Bh5 17. g4 Bg6 18. Bxg6 hxg6 {½-½ (39) Hammer,J (2662)-Akobian,V (2641) Saint Louis 2018}) 6... c5 7. dxc5 Bxc5 8. cxd5 {White has an edge.} exd5 9. Nf3 Nc6 10. Nxd5 (10. Be2 {keeps more tension.} d4 11. Nxd4 Bxd4 12. exd4 Qxd4 13. Qxd4 Nxd4 14. f3) 10... Nxd5 11. Rxc5 Nxf4 12. Qxd8 Rxd8 13. exf4 Re8+ $146 ({Predecessor:} 13... Bg4) 14. Be2 Bg4 {[%mdl 1024] Black has compensation.} 15. Kf1 Rad8 16. a3 {[#]} (16. Rc1 $11) 16... Nd4 $1 $36 {[%cal Rd4e2][%mdl 2048] Black is on the roll.} 17. Bd1 Ne6 {[%mdl 64] Discovered Attack} 18. Rc1 Nxf4 19. h3 Bf5 20. Kg1 Nd3 21. Rc7 Rc8 22. Rxc8 Rxc8 (22... Bxc8 23. b4 $15) 23. Nd4 Rc1 24. Nxf5 (24. Kh2 $17 {was necessary.} Nxf2 25. Rg1 Rxd1 26. Nxf5) 24... Rxd1+ $19 ({Not} 24... Nxb2 $2 25. Ne3 $18) 25. Kh2 Rxh1+ ({Don't take} 25... Nxf2 26. Rxd1 Nxd1 27. b3 $15) 26. Kxh1 Nxb2 {[%mdl 4096] Endgame KN-KN} ({But not} 26... Nxf2+ 27. Kh2 $17) 27. Nd6 b6 28. Kg1 Kf8 29. Kf1 Ke7 30. Nc8+ Kd7 31. Nxa7 Nc4 32. Nb5 Kc6 33. a4 Kc5 34. Ke2 Nb2 35. Nc3 Kc4 (35... Kb4 $142 36. Nd5+ Ka5) 36. Kd2 $17 Kb3 37. Ne4 Nxa4 38. Ng5 (38. Nd6 $142) 38... b5 {[%cal Bb6b5,Bb5b4][%mdl 32] White must now prevent ...f6.} 39. Nxf7 b4 40. Nd6 (40. Ne5 $17 {is a better defense.}) 40... Nb6 ({Black should try} 40... Ka2 $19 41. Nc4 b3) 41. Ne4 {[#]} (41. Nb7 $17 {was called for.}) 41... Nd5 $1 $19 42. g3 Kc4 (42... Nf6 $17 43. Nc5+ Kc4) 43. Kc2 {Accuracy: White = 50%, Black = 79%.} 1/2-1/2

[Event "Australian-ch 2020"]
[Site "Kogarah"]
[Date "2020.01.09"]
[Round "7.7"]
[White "Huynh, Arthur"]
[Black "Lo, Willis"]
[Result "0-1"]
[WhiteElo "2136"]
[BlackElo "2108"]
[Annotator "TA"]
[PlyCount "80"]
[EventDate "2020.01.02"]
[EventType "swiss"]
[EventCountry "AUS"]
[SourceTitle "playchess.com"]
[Source "ChessBase"]
[SourceQuality "1"]

{[%evp 11,80,23,22,13,14,14,14,14,14,14,19,18,12,3,0,-19,7,0,0,0,0,-7,0,-2,-12,-60,-59,-60,-63,-37,-48,-98,-96,-101,-114,-119,-122,-112,-66,-62,-60,-77,-81,-106,-101,-100,-94,-190,-181,-181,-181,-189,-195,-201,-220,-214,-187,-453,-448,-421,-345,-838,-1014,-727,-558,-1320,-1262,-1126,-1218,-737,-727]} 1. d4 Nf6 2. c4 e6 3. g3 d5 4. Nf3 dxc4 5. Bg2 Bb4+ 6. Bd2 a5 7. a3 {E04: Open Catalan: 5 Nf3} (7. O-O O-O 8. Qc2 Bxd2 9. Nbxd2 b5 10. a4 c6 11. b3 cxb3 12. Nxb3 b4 13. e4 Nbd7 14. h4 h6 15. e5 {½-½ (93) Abasov,N (2632)-Piorun,K (2660) Khanty-Mansiysk 2019}) 7... Bxd2+ 8. Nbxd2 b5 9. b3 {The position is equal.} cxb3 10. Qxb3 c6 11. O-O O-O 12. Rac1 Ba6 13. Rfd1 Qd6 $146 ({Predecessor:} 13... Bb7 14. e4 Qe7 {1-0 (43) Sultan,I (2142)-Al Mahmood,S (1593) Sharjah 2018}) 14. e4 {aiming for e5.} Qe7 15. Ne5 Rc8 16. Rc2 Ra7 17. Rdc1 {[%cal Re5c6]} Rac7 18. Qb2 c5 19. Nb3 {[%cal Rb3c5]} cxd4 {...b4 is the strong threat.} 20. Rxc7 Rxc7 21. Rxc7 Qxc7 22. Qxd4 Nbd7 23. Nxd7 Nxd7 24. Bf1 e5 25. Qd5 a4 $1 $36 {[%cal Ra4b3][%mdl 2048] Black has good play.} 26. Na5 Nb6 27. Qc6 Qxc6 28. Nxc6 $17 {[%mdl 4096] Endgame KBN-KBN} Nc4 29. Nb4 (29. Bxc4 $17 {was worth a try.} bxc4 30. f3) 29... Bb7 $19 (29... Nxa3 30. Nxa6 h5 31. f3 $16) 30. Bxc4 bxc4 {KB-KN} 31. f3 {[#]} f5 $1 {[%mdl 512]} 32. exf5 Bxf3 33. Kf2 Bb7 34. Ke3 $2 (34. Na2 {keeps fighting.}) 34... Kf7 35. Kd2 Kf6 36. Kc3 $2 (36. Nc2 Kxf5 37. Ne3+ Ke4 38. Nxc4) 36... Kxf5 {Black is clearly winning.} 37. Kxc4 Ke4 38. Kb5 Kf3 39. Kxa4 e4 40. Kb5 e3 {Accuracy: White = 42%, Black = 81%.} 0-1

[Event "Australian-ch 2020"]
[Site "Kogarah"]
[Date "2020.01.09"]
[Round "7.8"]
[White "Nakauchi, Gene"]
[Black "Plant, John Stuart"]
[Result "1/2-1/2"]
[WhiteElo "2150"]
[BlackElo "1993"]
[Annotator "TA"]
[PlyCount "145"]
[EventDate "2020.01.02"]
[EventType "swiss"]
[EventCountry "AUS"]
[SourceTitle "playchess.com"]
[Source "ChessBase"]
[SourceQuality "1"]

{[%evp 10,145,32,4,17,-141,-136,-133,-137,-193,6,8,43,48,39,-97,-91,-91,-97,-184,-68,-57,0,0,0,0,0,0,0,0,0,-210,-160,-355,-137,-129,-138,-129,-133,-134,-124,-332,-258,-253,-175,-417,-413,-414,-412,-365,-230,-463,-442,-504,-492,-474,-462,-574,-563,-662,-652,-658,-645,-650,-563,-562,-285,-267,-62,-97,-71,-64,-62,-62,0,0,0,-641,-682,-667,-645,-628,-620,-553,-415,-408,-310,-266,-285,-262,-232,-345,-330,-12850,-12851,-12851,-12851,-12851,-12851,-12851,-12851,-12851,-12851,-12851,-12851,-12851,-12851,-29974,-29975,-12851,0,0,0,0,0,-12851,0,0,0,0,0,0,0,0,0,0,0,0,0,0,0,0,0,0,0,0,0,0]} 1. e4 d6 2. d4 Nf6 3. Nc3 e5 4. Nf3 Nbd7 5. Bc4 Be7 6. Qe2 O-O {C41: Philidor Defence} 7. g4 $2 (7. dxe5 $11 Nxe5 8. Nxe5 dxe5 9. O-O) (7. dxe5 Nxe5 8. Nxe5 dxe5 9. Nd5 Nxd5 10. Bxd5 c6 11. Bb3 a5 12. a4 Bb4+ 13. c3 Qb6 14. Bc4 Bc5 15. O-O Re8 16. Bg5 Be6 17. Rad1 h6 {½-½ (17) Maier,C (2354)-Pelletier,Y (2604) Basel 2013}) 7... exd4 $17 8. Nxd4 Ne5 {Black is clearly better.} 9. g5 {[#]} (9. h3 $17) 9... Ne8 $2 (9... Nxe4 $1 $19 {[%mdl 512]} 10. Qxe4 (10. Nxe4 $2 Nxc4 11. Qxc4 d5 $19 {[%mdl 64] Double Attack}) 10... Nxc4) 10. Rg1 $11 Nxc4 $146 ({Predecessor:} 10... c5 11. Nf5 Be6 12. Nd5 Bxd5 13. Bxd5 Nc7 14. c4 Ne6 15. Rg3 Nc6 16. Qh5 h6 17. Nxh6+ gxh6 18. Qxh6 {1-0 (18) Eisele,S (2125)-Kraenzle,H (2250) Germany 1997}) 11. Qxc4 c6 12. f4 (12. Be3 $14 {keeps the upper hand.}) 12... d5 $1 $17 {[%cal Rd5c4]} 13. exd5 Nd6 14. Qe2 (14. Qd3 $17 {was the only chance.}) 14... Nf5 ({Black should try} 14... Qb6 $1 $19 {[%cal Rb6d4]} 15. Qd3 Bf5 $1 {[%mdl 512]}) 15. Be3 Re8 (15... Bb4 $15 16. Nxf5 Bxf5 17. dxc6 bxc6) 16. Nxf5 Bxf5 17. O-O-O $1 {[#]} Bc5 $1 $36 {[%mdl 2624] Pin. Black has the initiative.} 18. Rg3 (18. Bxc5 Rxe2) 18... Qb6 19. Re1 cxd5 20. Nxd5 $2 (20. Na4 $1 $11 {and White stays safe.} Qa5 21. Nxc5) 20... Qa5 $1 $19 {[%cal Ra5a2]} 21. Bd2 $2 (21. Qf2 $17) 21... Rxe2 $2 (21... Qa4 $1 $19 {[%csl Gf5][%cal Ra4c2] and Black stays clearly on top.} 22. Qd1 Qxa2) 22. Bxa5 $17 Rxc2+ 23. Kd1 {White wants to play Re5.} Rxb2 24. Re5 Bg6 25. f5 $2 (25. Bc3 $17 Rb1+ 26. Kd2) 25... Bh5+ ({Weaker is} 25... Rxa2 26. fxg6 fxg6 27. Bb4 $11) 26. Kc1 Bd6 ({Resist} 26... Rxh2 27. Ne7+ Bxe7 28. Rxe7 $19) 27. Rge3 $2 (27. Ne7+ {only move.} Kf8 28. Rd5 Rxa2 29. Rxd6 Rxa5 30. f6) 27... Bxe5 $19 28. Rxe5 Rxa2 29. f6 {Now Ne7+ and White clings on.} h6 30. gxh6 $2 (30. Ne7+ Kh7 31. fxg7) 30... g6 31. Bc3 Rd8 32. Bb2 Ra6 33. Nc3 Rxf6 34. Ne4 Rf1+ 35. Kc2 Bd1+ 36. Kc3 Rf3+ 37. Kc4 Bb3+ 38. Kb4 {[#]} f6 $2 (38... a5+ $1 $19 39. Kxa5 Rf4) 39. Re7 $15 Kf8 40. Rc7 {[#] aiming for h7.} a5+ $1 41. Kxa5 b6+ (41... Ra8+ $15 42. Kb6 Ra6+ 43. Kxb7 Ra2 44. Rc8+ Kf7) 42. Kxb6 $11 Bg8 43. Kc5 $2 {[%mdl 8192]} (43. Bxf6 $11 Rb3+ 44. Kc5) 43... Rf5+ $19 44. Kb4 Rf4 45. Bxf6 Rxe4+ 46. Kc3 Rd6 47. Bg5 Rdd4 48. h7 {[#]} Bxh7 $1 49. Rxh7 {[%mdl 4096] Endgame KRR-KRB} Rg4 50. Be3 (50. h3 {keeps fighting.} Rc4+ 51. Kb3) 50... Rh4 51. Bxd4 $2 (51. Rc7 Rd5 52. Rc5) 51... Rxh7 {KR-KB} 52. Be5 Rd7 53. Bd4 Kf7 54. Kd3 Ke6 55. Ke4 Rh7 56. Bg1 Rh4+ 57. Kf3 Kf5 58. Kg3 Rg4+ 59. Kf2 Ke4 $2 (59... Kf4 $19 {And now ...Rg5 would win.} 60. h4 {[#]} Rxg1 $1 {[%mdl 576] Clearance} 61. Kxg1 Kg4 62. Kg2 Kxh4 63. Kh2 g5 64. Kg2 Kg4 65. Kh2 Kf3 66. Kh3 g4+ 67. Kh2 Kf2 68. Kh1 Kg3 69. Kg1 Kh3 70. Kf2 Kh2 71. Ke3 g3 72. Kf4 g2 73. Ke5 g1=Q 74. Kd6 Kg3 75. Kd5 Qb6 76. Kc4 Kf4 77. Kc3 Qc5+ 78. Kb3 Ke4 79. Ka4 Kd3 80. Kb3 Qb5+ 81. Ka3 Kc2 82. Ka2 Qb2#) 60. h3 $11 Rg5 61. Bh2 Rf5+ 62. Kg2 Rf3 $2 ({Better is} 62... Ke3 $19 63. Kg3 Ke4) 63. Bd6 {The position is equal.} Rd3 64. Bc7 Kf5 {Hoping for ...Kf6.} 65. Bb8 Kg5 66. Ba7 Kh5 {...Kh4 is the strong threat.} 67. Bc5 Rd2+ 68. Kg3 Rd3+ 69. Kg2 g5 {Strongly threatening ...Rb3.} 70. Bb6 Rb3 71. Bc5 Kh4 72. Bf2+ Kh5 {Threatens to win with ...Rd3.} 73. Bc5 {Accuracy: White = 31%, Black = 49%.} 1/2-1/2

[Event "Australian-ch 2020"]
[Site "Kogarah"]
[Date "2020.01.09"]
[Round "7.9"]
[White "McGowan, Cameron"]
[Black "Parle, Hughston"]
[Result "1-0"]
[WhiteElo "2221"]
[BlackElo "2057"]
[Annotator "TA"]
[PlyCount "115"]
[EventDate "2020.01.02"]
[EventType "swiss"]
[EventCountry "AUS"]
[SourceTitle "playchess.com"]
[Source "ChessBase"]
[SourceQuality "1"]

{[%evp 10,115,8,10,16,18,25,26,24,23,62,62,86,62,217,217,201,125,138,121,138,138,158,159,152,135,144,137,166,150,354,202,197,197,259,251,261,254,267,254,276,253,354,359,356,337,339,314,329,239,227,240,248,254,200,193,371,335,360,356,351,359,400,397,374,378,389,265,258,181,433,437,447,426,739,593,3769,3536,2589,2131,1388,1345,29961,29964,29965,29964,29964,29965,29963,29966,29964,29963,29958,29961,6617,5700,29978,29979,29981,29982,29982,29981,29983,29984,29984,29985,29986,29987]} 1. e4 c5 2. Nf3 e6 3. c3 d5 4. e5 d4 5. Bd3 Nc6 6. O-O g5 {B40: Sicilian: 2...e6, Unusual lines} 7. Be4 g4 8. Bxc6+ $1 bxc6 {White has an edge.} 9. Ne1 Ba6 10. d3 c4 11. b3 $146 ({Predecessor:} 11. Qxg4 cxd3 12. cxd4 d2 13. Nxd2 h5 14. Qd1 Bxf1 15. Nxf1 {1-0 (58) Buchal,S (2393)-Kovalev,A (2533) Cappelle-la-Grande 2007}) 11... Bg7 $2 ({Better is} 11... cxd3 $14 12. c4 h5) 12. Qxg4 $18 (12. dxc4 Bxe5 13. Qxg4 dxc3) 12... Bxe5 13. Qf3 Qc7 14. dxc4 Bb7 15. Qh3 dxc3 16. Nxc3 Nf6 17. Bb2 O-O-O 18. Nf3 Rd3 19. Na4 Rxf3 $2 (19... Bxb2 $16 {was worth a try.} 20. Nxb2 Rdd8) 20. Bxe5 (20. gxf3 c5 $18) (20. Qxf3 $142 {Threatens to win with Bxe5.} Bxh2+ 21. Kh1) 20... Rxh3 21. Bxc7 Kxc7 (21... Rh5 $142) 22. gxh3 Rg8+ 23. Kh1 c5+ 24. f3 Ne4 25. Rad1 Ng5 26. Rd3 (26. Nxc5 Bxf3+ 27. Rxf3 Nxf3 $16) 26... Nxh3 27. Nxc5 Bc6 28. Ne4 f5 29. Ng3 e5 30. Rc3 $1 e4 {[#]} 31. fxe4 $1 (31. Nxf5 {gets mated.} exf3 32. Ng3 f2+ 33. Ne4 Bxe4+ 34. Rf3 Bxf3#) 31... f4 32. Kg2 fxg3 $2 (32... Ng5) 33. Kxh3 {[%mdl 4096] Endgame KRR-KRB} g2 34. Rg1 Bxe4 35. Rg3 Rd8 36. R1xg2 Bxg2+ 37. Rxg2 {KR-KR} ({Less strong is} 37. Kxg2 Rd2+ 38. Kf3 Rxh2 $16) 37... a5 38. Kh4 a4 39. bxa4 Rd4+ $2 (39... Ra8 40. Rg7+ Kd6 41. Rxh7 Rxa4) 40. Rg4 Rd2 41. h3 Rxa2 (41... Rh2 $142 42. Rg7+ Kd6 43. Rxh7 Rxa2) 42. Kh5 Rxa4 {[#]} 43. Kh6 $1 {[%cal Rh6h7]} Kd7 44. Kxh7 Ke6 45. Kg6 Ra6 46. Re4+ Kd7+ 47. Kg5 Ra5+ 48. Kg4 Ra1 49. h4 Rg1+ 50. Kh5 Kc6 51. Kh6 Kb7 52. h5 Rd1 53. Kg5 {White mates.} Rd7 54. h6 Rc7 55. Rf4 Rc5+ 56. Kg6 Rc6+ 57. Kg7 Rc5 58. h7 {Accuracy: White = 84%, Black = 33%.} 1-0

[Event "Australian-ch 2020"]
[Site "Kogarah"]
[Date "2020.01.09"]
[Round "7.10"]
[White "Ng, Clive"]
[Black "Bayaca, Sterling"]
[Result "0-1"]
[WhiteElo "2061"]
[BlackElo "1994"]
[Annotator "NA RC"]
[PlyCount "88"]
[EventDate "2020.01.02"]
[EventType "swiss"]
[EventCountry "AUS"]
[SourceTitle "playchess.com"]
[Source "ChessBase"]
[SourceQuality "1"]
[TimeControl "40/5400+30:1800+30"]

1. e4 e5 2. Nf3 Nc6 3. d4 exd4 4. Nxd4 Nf6 5. Nxc6 bxc6 6. e5 Qe7 7. Qe2 Nd5 8. c4 Nb6 9. Nc3 Bb7 {C45: Scotch Game} (9... a5 10. Bd2 g6 11. Ne4 Bg7 12. Nf6+ Kd8 13. O-O-O Ba6 14. Qg4 Kc8 15. Bxa5 h5 16. Qg3 h4 17. Qg4 Qxe5 {½-½ (38) Radjabov,T (2756)-Topalov,V (2740) Shamkir 2019}) 10. h4 Qe6 11. Bg5 Bb4 $146 ({Predecessor:} 11... h6 12. Bd2 O-O-O 13. Rh3 Bc5 14. f4 d6 15. exd6 Qf5 16. O-O-O cxd6 17. Qe4 {1-0 (51) Rodrigues,E (2295)-Rodi,L (2370) Sao Bernardo do Campo 2014}) 12. Rh3 Ba6 13. b3 Qxh3 14. gxh3 Bxc3+ 15. Kd1 Bxa1 16. h5 h6 17. Bh4 {[#]} O-O $1 18. Qe4 Nd5 (18... d5 $142 19. exd6 Rae8) 19. Qf5 {[#]} (19. Kc2 {might work better.}) 19... Nc3+ $2 ({Better is} 19... Rae8 $1 $19 {[%cal Re8e5]} 20. Bd3 g6 21. hxg6 Rxe5 22. Qxd7 Nf4 23. gxf7+ Rxf7 24. Qg4+ Kf8) 20. Ke1 $2 (20. Kc2 $11 Nxa2 21. Kb1) 20... d5 21. Bd3 Ne4 22. Bf6 Bc8 23. Qf4 Nxf6 24. exf6 Bc3+ 25. Kd1 Bxf6 26. Qxc7 Bxh3 27. Qg3 Be6 28. c5 a5 29. Bc2 Rfe8 30. f3 d4 31. Be4 Bd5 32. Bxd5 cxd5 33. Qd6 d3 34. Kd2 Rad8 35. Qb6 Re2+ 36. Kxd3 Rde8 37. c6 R8e3+ $2 (37... d4 38. f4 Rxa2) 38. Qxe3 Rxe3+ 39. Kxe3 Be5 40. a4 Kf8 41. b4 axb4 42. a5 Ke7 43. a6 Bb8 44. c7 Bxc7 0-1

[Event "Australian-ch 2020"]
[Site "Kogarah"]
[Date "2020.01.10"]
[Round "8.1"]
[White "Bjelobrk, Igor"]
[Black "Kuybokarov, Temur"]
[Result "0-1"]
[WhiteElo "2403"]
[BlackElo "2523"]
[Annotator "TA"]
[PlyCount "98"]
[EventDate "2020.01.02"]
[EventType "swiss"]
[EventCountry "AUS"]
[SourceTitle "playchess.com"]
[Source "ChessBase"]
[SourceQuality "1"]

{[%evp 9,120,-16,-10,-16,-7,-17,-16,-14,15,28,14,36,35,5,45,0,33,26,49,25,70,60,54,0,0,0,0,-11,-13,-39,-32,-49,-6,-25,-25,-25,0,0,0,0,0,0,0,0,0,0,0,0,0,0,0,0,0,0,0,-8,-8,-8,-8,-12,-12,-12,-12,-12,-8,-12,-12,-12,-12,-12,-12,-12,-15,-39,-14,-14,0,-41,-41,-39,-38,-431,-431,-576,-563,-4598,0,-56,-20,-20,-20,-20,-20,-20,-20,-85,-84,-689,-159,-689,-689,-584,-111,-3416,-3421,-6613,-6037,-7910,-7361,-29985,-29986,-29992,-29993]} 1. d4 Nf6 2. c4 g6 3. Nc3 d5 4. Nf3 Bg7 5. h4 (5. h3 dxc4 6. e4 c5 7. d5 O-O 8. Bxc4 b5 9. Nxb5 Nxe4 10. O-O Ba6 11. Qe2 Nd6 12. Nxd6 Qxd6 {0-1 (94) Meier,G (2628)-Vachier Lagrave,M (2773) Karlsruhe/Baden Baden 2019}) 5... dxc4 6. e4 {D90: Grünfeld: 4 Nf3 Bg7 sidelines} c5 7. d5 b5 {Black wants to play ...b4.} 8. h5 {The position is equal.} Nxh5 9. Nxb5 Qa5+ 10. Nc3 $1 Nd7 11. Bd2 Rb8 12. Qc2 Qa6 $146 ({Predecessor:} 12... Ba6) 13. Be2 Qd6 14. Bxc4 Ne5 15. Nxe5 Bxe5 16. Bb5+ (16. Bh6 $14) 16... Bd7 $11 17. Bxd7+ Qxd7 18. Rb1 O-O 19. Rh3 f5 20. Rf3 Bd4 {Threatening ...fxe4.} 21. exf5 Rxf5 22. Rxf5 gxf5 (22... Qxf5 {seems wilder.} 23. Qxf5 gxf5 24. b3 Nf6 25. Rc1 Rd8) 23. Kf1 Nf6 24. Re1 Nxd5 25. Nxd5 Qxd5 26. Rxe7 Bf6 27. Rxa7 {With the idea b3.} ({Don't blunder} 27. Rc7 $2 Rxb2 28. Rxc5 Qxd2 $19) 27... Rxb2 28. Qa4 {[%cal Ra4e8]} Rb1+ 29. Ke2 {[%cal Ra4e8]} Qe6+ 30. Be3 Rb4 {( -> ...Qc4+)} 31. Qa6 $1 {[%cal Ra6e6]} Rb6 32. Qd3 c4 33. Qd7 {Threatening mate with Ra8+.} Rb2+ 34. Kd1 Qxd7+ 35. Rxd7 Rxa2 {[%mdl 4096] Endgame KRB-KRB} 36. g3 {[#]} f4 $1 {[%mdl 512]} 37. gxf4 (37. Bxf4 Rxf2) 37... c3 38. Rc7 h5 39. Ke1 Ra1+ 40. Ke2 h4 {aiming for ...h3.} 41. f5 Be5 42. Rc5 Bf6 43. Rc7 h3 44. Bf4 Ra5 45. Bg3 $2 {[%mdl 8192]} (45. Rc8+ $15 Kf7 46. Rc7+ Ke8 47. Rc8+ Ke7 48. Rc7+ Kd8 49. Rf7 Ra2+ 50. Kd3) 45... Rxf5 $19 46. Kf1 {[#] White hopes to continue with Kg1.} Bd4 $1 47. Rc4 Bf6 $2 (47... Rc5 $19 48. Rxc5 Bxc5) 48. Rc7 $15 Rf3 {And now ...Bd4 would win.} (48... Rd5 $5 {[%cal Rd5d1]} 49. Kg1 Bd4 $17) 49. Kg1 $1 Rd3 {Played: Bf6-d4} 0-1